书目信息

书名: 怎样处理医疗纠纷 
作者: 松仓丰治 著 ;郑严
出版信息: 北京   法律出版社  1982.08
开本页数: 19cm  150页
丛书名:
单 册:
中图分类: D912.1 R1
科图分类:
主题词: 医疗事故-法律责任--研究 , 法律责任-医疗事故--研究 , 预防医学 , 卫生学
电子资源:
ISBN:
000 00751nam0 2200277 450
001 0000209777
005 20060225162330.20
010    @dCNY0.50
091    @a6004.534
100    @a20020130d1982 em y0chiy0121 ea
101 @achi@cjpn
102    @aCN@b110000
105    @ay z 000yy
200 @a怎样处理医疗纠纷@Azen yang chu li yi liao jiu fen@f(日)松仓丰治著@g郑严译
210    @a北京@c法律出版社@d1982.08
215    @a150页@d19cm
606 @a医疗事故-法律责任@x研究
606 @a法律责任-医疗事故@x研究
606 @a预防医学
606 @a卫生学
690    @aD912.1@v3
690    @aR1@v3
701  0 @a松仓丰治@Asong cang feng zhi@4著
702  0 @a郑严@Azheng yan@4译
801    @aCN@bNiSoft@c20060225
905    @a10447@dR1@e14
    
    怎样处理医疗纠纷/(日)松仓丰治著/郑严译.-北京:法律出版社,1982.08
    150页;19cm
    
    
    ISBN :CNY0.50
    
相关链接 在五车中查询图书 在当当中查询图书 在豆瓣中查询图书


正题名:怎样处理医疗纠纷     索取号:R1/14         预约/预借

序号 登录号 条形码 馆藏地/架位号 状态 备注
1 46866   200468662   海科密-1楼/50架4列2层/ [索取号:R1/14] 在馆